[Event "World ol U16"]
[Site "Eindhoven"]
[Date "2023.08.15"]
[Round "4.31"]
[White "Lai, Hong Yi"]
[Black "Zangrilli, Leonardo"]
[Result "1/2-1/2"]
[WhiteElo "1452"]
[BlackElo "1361"]
[PlyCount "98"]
[EventDate "2023.08.13"]
[EventType "team-swiss"]
[EventRounds "9"]
[EventCountry "NED"]
[SourceTitle "CBM 215 Extra"]
[Source "ChessBase"]
[SourceDate "2023.09.30"]
[SourceVersion "1"]
[SourceVersionDate "2023.09.30"]
[SourceQuality "1"]
[WhiteTeam "Chinese Taipei"]
[BlackTeam "Malta"]
[WhiteTeamCountry "TPE"]
[BlackTeamCountry "MLT"]

1. d4 Nf6 2. c4 g6 3. Nc3 Bg7 4. e4 d6 5. Be2 0-0 6. Be3 e5 7. d5 Nbd7 8. g4 Nc5 9. f3 a5 10. h4 h5 11. g5 Ne8 12. Nh3 Bd7 13. Qd2 a4 14. Rh2 a3 15. b3 c6 16. Kf2 cxd5 17. Nxd5 Bc6 18. Kg2 Bxd5 19. cxd5 Nc7 20. Rc1 b6 21. Rhh1 Qd7 22. Nf2 Ra7 23. Nd3 N7a6 24. Nb4 Nxb4 25. Qxb4 Qb7 26. Bb5 Rb8 27. Qd2 Kf8 28. Bc6 Qc7 29. Bxc5 bxc5 30. Rc4 Rb6 31. Rhc1 Kg8 32. Ra4 Rxa4 33. Bxa4 Rb8 34. Rc4 Qb6 35. Bc6 Rc8 36. Ra4 Rc7 37. Rxa3 Ra7 38. Rxa7 Qxa7 39. Ba4 Bf8 40. Qd3 Qa5 41. Kf2 Be7 42. Ke2 Bd8 43. Qb5 Qxb5+ 44. Bxb5 Ba5 45. a4 Kf8 46. Kf2 Ke7 47. Bc6 Kf8 48. Bb5 Ke7 49. Ke2 Kf8 1/2-1/2

[Event "Online Olym Div4 C"]
[Site "Chess.com INT"]
[Date "2021.08.21"]
[Round "7.5"]
[White "Zangrilli, Leonardo"]
[Black "Junior, Domingos"]
[Result "0-1"]
[WhiteElo "1264"]
[BlackElo "2134"]
[PlyCount "48"]
[EventDate "2021.08.20"]
[EventType "team (rapid)"]
[EventRounds "11"]
[EventCountry "USA"]
[SourceTitle "CBM 203 Extra"]
[Source "ChessBase"]
[SourceDate "2021.09.30"]
[SourceVersion "1"]
[SourceVersionDate "2021.09.30"]
[SourceQuality "1"]
[WhiteTeam "Malta"]
[BlackTeam "Angola"]
[WhiteTeamCountry "MLT"]
[BlackTeamCountry "ANG"]

1. e4 c6 2. d4 d5 3. e5 Bf5 4. Nf3 e6 5. c3 Qb6 6. Bd3 Bxd3 7. Qxd3 c5 8. 0-0 cxd4 9. cxd4 Nc6 10. Nc3 Nge7 11. Nb5 Nf5 12. b3 a6 13. Nc3 Ncxd4 14. Nxd4 Qxd4 15. Qxd4 Nxd4 16. Be3 Nc6 17. Na4 Nxe5 18. Nb6 Rd8 19. Rac1 Nc6 20. Bf4 Bd6 21. Bxd6 Rxd6 22. Rfe1 0-0 23. Rc3 d4 24. Rd3 Nb4 0-1